[Event "XXI Festival A"]
[Site "Robecchetto con Induno ITA"]
[Date "2010.12.29"]
[Round "4"]
[White "Cornaggia, Ranieri"]
[Black "Giretti Kanev, Jasen"]
[Result "1/2-1/2"]
[WhiteElo "2055"]
[BlackElo "2185"]
[PlyCount "120"]
[EventDate "2010.12.27"]

1. e4 c6 2. d4 d5 3. Nc3 dxe4 4. Nxe4 Nf6 5. Ng3 h5 6. h4 Bg4 7. Be2 e6 8. Bg5
Qb6 9. Bxg4 hxg4 10. N1e2 Nbd7 11. c3 O-O-O 12. Qc2 Be7 13. O-O-O Rhe8 14. Nf4
Qa5 15. Kb1 Nd5 16. Bxe7 Rxe7 17. Nxd5 cxd5 18. Rhe1 Nf6 19. Re5 Rc7 20. c4 Nd7
21. Rg5 g6 22. Qe2 Nb6 23. c5 Nc4 24. Ne4 b6 25. cxb6 Qxb6 26. Nc5 Na3+ 27. Ka1
Nb5 28. Rxg4 Nxd4 29. Qa6+ Qxa6 30. Nxa6 Rc6 31. Rgxd4 Rxa6 32. b4 Kd7 33. Kb2
Rc8 34. Kb3 Rac6 35. R4d3 Rc4 36. g3 a5 37. a3 axb4 38. axb4 R8c7 39. Ra1 Rb7
40. Ra4 Rc1 41. Rd2 Kd6 42. Rb2 Ke5 43. Ka2 d4 44. b5 Rc5 45. b6 Kd5 46. Kb1 e5
47. Ra7 Kc6 48. Ra8 Rb5 49. Rxb5 Kxb5 50. Re8 Rxb6 51. Rxe5+ Kc4+ 52. Kc2 d3+
53. Kc1 Ra6 54. Re8 Ra1+ 55. Kd2 Ra2+ 56. Ke1 f5 57. Re6 Ra1+ 58. Kd2 Ra2+ 59.
Ke1 Ra1+ 60. Kd2 Ra2+ 1/2-1/2

[Event "XXI Festival A"]
[Site "Robecchetto con Induno ITA"]
[Date "2010.12.29"]
[Round "4"]
[White "Guidi, Maurizio"]
[Black "Berni, Fabrizio"]
[Result "1/2-1/2"]
[WhiteElo "2068"]
[BlackElo "2170"]
[PlyCount "48"]
[EventDate "2010.12.27"]

1. Nf3 Nf6 2. g3 d5 3. Bg2 g6 4. O-O Bg7 5. d3 O-O 6. Nbd2 c6 7. e4 Bg4 8. h3
Bxf3 9. Qxf3 Nbd7 10. Re1 Qc7 11. Qe2 e5 12. exd5 Nxd5 13. Nc4 N5b6 14. Nxb6
axb6 15. Be3 Rae8 16. Qd2 Qd6 17. c3 Rd8 18. b4 b5 19. a4 bxa4 20. Rxa4 f5 21.
f4 e4 22. Rd1 exd3 23. Qxd3 Qxd3 24. Rxd3 Nf6 1/2-1/2

[Event "XXI Festival A"]
[Site "Robecchetto con Induno ITA"]
[Date "2010.12.29"]
[Round "4"]
[White "Mazzariol, Oscar"]
[Black "Gonella, Daniele"]
[Result "1-0"]
[WhiteElo "2089"]
[BlackElo "2003"]
[PlyCount "83"]
[EventDate "2010.12.27"]

1. e4 e5 2. Nf3 Nc6 3. Bb5 Nf6 4. Qe2 Bd6 5. d4 Qe7 6. dxe5 Nxe5 7. Nd4 Nc6 8.
Nxc6 dxc6 9. Bd3 Bg4 10. f3 Bh5 11. O-O O-O-O 12. Be3 Bc5 13. Bxc5 Qxc5+ 14.
Qf2 Qxf2+ 15. Rxf2 Nd7 16. Nc3 Nc5 17. Bf1 f6 18. g3 Bf7 19. Bh3+ Be6 20. Bxe6+
Nxe6 21. Rd1 Rhe8 22. Rfd2 c5 23. Kf2 c6 24. Rxd8+ Rxd8 25. Rxd8+ Kxd8 26. Ne2
b5 27. Ke3 Kd7 28. c3 Kd6 29. Nf4 Nc7 30. h4 a5 31. g4 c4 32. Nh5 Ne8 33. f4 c5
34. g5 a4 35. a3 b4 36. gxf6 gxf6 37. Nxf6 Nxf6 38. e5+ Ke6 39. exf6 Kxf6 40.
Ke4 bxa3 41. bxa3 Kg6 42. Ke5 1-0

[Event "XXI Festival A"]
[Site "Robecchetto con Induno ITA"]
[Date "2010.12.29"]
[Round "4"]
[White "Rambaldi, Francesco"]
[Black "Okhotnik, Vladimir"]
[Result "0-1"]
[WhiteElo "2084"]
[BlackElo "2428"]
[PlyCount "106"]
[EventDate "2010.12.27"]

1. c4 Nf6 2. Nc3 d5 3. cxd5 Nxd5 4. g3 g6 5. Bg2 Nb6 6. d3 Bg7 7. Be3 Nc6 8.
Qd2 Nd4 9. Nf3 e5 10. Ne4 Nd5 11. O-O Nxe3 12. fxe3 Nf5 13. Ne1 O-O 14. Nc2 Bh6
15. Kh1 c6 16. Qc3 Qe7 17. d4 Bg7 18. Rad1 h5 19. Qc5 Be6 20. Qxe7 Nxe7 21. b3
Bf5 22. Rc1 Rad8 23. Rfd1 Nd5 24. Nc5 Bxc2 25. Bxd5 Bxd1 26. Bf3 b6 27. Ne4
exd4 28. Rxd1 dxe3 29. Rc1 c5 30. Kg2 Rfe8 31. Kf1 Rd4 32. Ng5 Red8 33. Kg2 Rd1
34. Rc4 R8d4 35. Rc3 Rg4 36. Bxg4 Bxc3 37. Bf3 Kf8 38. a4 Ke7 39. Be4 f5 40.
Bc6 Bf6 41. Nh3 g5 42. Bb5 Rb1 43. Bc4 Kd6 44. Bf7 Ke5 45. Bg8 a6 46. Bc4 b5
47. axb5 axb5 48. Bf7 c4 49. bxc4 b4 50. c5 b3 51. Nf4 gxf4 52. gxf4+ Kxf4 53.
c6 Be5 0-1

[Event "XXI Festival A"]
[Site "Robecchetto con Induno ITA"]
[Date "2010.12.29"]
[Round "4"]
[White "Sola, Giuseppe"]
[Black "Di Chiara, Mauro"]
[Result "1-0"]
[WhiteElo "2019"]
[BlackElo "1945"]
[PlyCount "135"]
[EventDate "2010.12.27"]

1. b3 e5 2. Bb2 d6 3. e3 Nf6 4. d4 exd4 5. Qxd4 Nc6 6. Qh4 Be7 7. Nf3 Bf5 8.
Bb5 O-O 9. Bxc6 bxc6 10. Nd4 Bd7 11. Nc3 c5 12. Nde2 Bf5 13. O-O-O Qd7 14. Qf4
Be6 15. g4 c4 16. g5 Nh5 17. Qh4 g6 18. Ng3 Bg4 19. Nd5 Bxd1 20. Rxd1 Nxg3 21.
hxg3 h5 22. Qd4 f6 23. gxf6 Bd8 24. f7+ Kxf7 25. Qxc4 Qe6 26. Qc3 c5 27. Qg7+
Ke8 28. Nf4 Qf7 29. Qh6 Bf6 30. Rxd6 Rh8 31. Qxg6 Bxb2+ 32. Kxb2 Qxg6 33. Nxg6
Rh6 34. Rc6 Rd8 35. Kc3 Rd5 36. f4 h4 37. gxh4 Rdh5 38. Ne5 Rxc6 39. Nxc6 a6
40. Kc4 Kd7 41. Ne5+ Kc7 42. Kxc5 Rxh4 43. Kd4 Rh2 44. Kd3 Kd6 45. a4 Kc5 46.
Nf3 Rf2 47. Nd4 Rf1 48. Ke4 Re1 49. f5 Kd6 50. Kd3 Rh1 51. a5 Ke5 52. b4 Rb1
53. c3 Rd1+ 54. Kc2 Rh1 55. Kd3 Rd1+ 56. Kc4 Ke4 57. Ne6 Kxf5 58. Nc7 Rd6 59.
Kc5 Rd3 60. c4 Rxe3 61. Nxa6 Ke6 62. Nc7+ Kd7 63. Nd5 Re6 64. b5 Kc8 65. a6 Kb8
66. b6 Rh6 67. Kb5 Ka8 68. b7+ 1-0

[Event "XXI Festival A"]
[Site "Robecchetto con Induno ITA"]
[Date "2010.12.29"]
[Round "4"]
[White "Temi, Walter"]
[Black "Siclari, Giovanni"]
[Result "1-0"]
[WhiteElo "2100"]
[BlackElo "1926"]
[PlyCount "61"]
[EventDate "2010.12.27"]

1. e4 c5 2. Nf3 e6 3. c3 Nf6 4. e5 Nd5 5. d4 cxd4 6. cxd4 d6 7. Bc4 Nc6 8. O-O
Nb6 9. Bd3 dxe5 10. dxe5 Nb4 11. Bb5+ Bd7 12. Bg5 Be7 13. Bxe7 Qxe7 14. Nc3 f6
15. exf6 gxf6 16. Bxd7+ Qxd7 17. Qb3 N4d5 18. Rfe1 Kf7 19. Rad1 Rhe8 20. Qc2
Kg8 21. Qe4 Nxc3 22. bxc3 Qf7 23. Rd6 Rad8 24. Red1 Rxd6 25. Rxd6 Qe7 26. Rd3
f5 27. Qe5 Qg7 28. Qb5 Rc8 29. Ne5 Nd5 30. Rg3 Qxg3 31. hxg3 1-0

[Event "XXI Festival A"]
[Site "Robecchetto con Induno ITA"]
[Date "2010.12.29"]
[Round "4"]
[White "Ubezio, Marco"]
[Black "Cereda, Loris"]
[Result "0-1"]
[WhiteElo "2139"]
[BlackElo "2091"]
[PlyCount "43"]
[EventDate "2010.12.27"]

1. e4 e5 2. Nf3 Nc6 3. Bb5 a6 4. Bxc6 dxc6 5. Nc3 f6 6. d4 Bg4 7. Be3 Bb4 8.
O-O exd4 9. Qxd4 Qxd4 10. Nxd4 Ne7 11. f4 O-O-O 12. h3 Bxc3 13. bxc3 Bd7 14. f5
c5 15. Ne2 b6 16. Nf4 Rhe8 17. Nh5 Nxf5 18. exf5 Rxe3 19. Nxg7 Rxc3 20. Rf2 Ba4
21. Rc1 Rd6 22. Ne8 0-1

[Event "XXI Festival A"]
[Site "Robecchetto con Induno ITA"]
[Date "2010.12.29"]
[Round "5"]
[White "Andreoli, Mark"]
[Black "Di Chiara, Mauro"]
[Result "1/2-1/2"]
[WhiteElo "1995"]
[BlackElo "1945"]
[PlyCount "113"]
[EventDate "2010.12.27"]

1. e4 d6 2. d4 Nf6 3. Nc3 g6 4. Nf3 Bg7 5. Bc4 O-O 6. Qe2 Nc6 7. e5 dxe5 8.
dxe5 Ng4 9. e6 f5 10. O-O Nd4 11. Nxd4 Qxd4 12. h3 Ne5 13. Bb3 f4 14. Rd1 f3
15. Rxd4 fxe2 16. Re4 c5 17. Bf4 Nc6 18. Nxe2 Bxb2 19. Rd1 Nd4 20. Nxd4 Bxd4
21. Bh6 Bg7 22. Be3 b6 23. Bd5 Rd8 24. Rd3 Rxd5 25. Rxd5 Bb7 26. Ree5 Bxe5 27.
Rxe5 Rd8 28. Bg5 Rd5 29. Rxd5 Bxd5 30. Bxe7 Bxa2 31. Bd6 Bxe6 32. Bb8 a5 33.
Bc7 a4 34. Bxb6 c4 35. g4 Bd5 36. Kf1 Be4 37. Ke2 Bxc2 38. Kd2 Bb3 39. Bc5 g5
40. Kc3 Kf7 41. Be3 Kg6 42. f4 gxf4 43. Bxf4 a3 44. h4 a2 45. Kb2 c3+ 46. Ka1
Kf6 47. h5 c2 48. Bc1 Ke5 49. g5 Kf5 50. g6 hxg6 51. hxg6 Kxg6 52. Bd2 Kf5 53.
Bh6 Ke4 54. Bc1 Kd3 55. Bh6 Ke2 56. Bg5 Kd1 57. Bh6 1/2-1/2

[Event "XXI Festival A"]
[Site "Robecchetto con Induno ITA"]
[Date "2010.12.29"]
[Round "5"]
[White "Barlocco, Carlo"]
[Black "Temi, Walter"]
[Result "0-1"]
[WhiteElo "2168"]
[BlackElo "2100"]
[PlyCount "88"]
[EventDate "2010.12.27"]

1. Nf3 Nf6 2. c4 g6 3. g3 Bg7 4. Bg2 O-O 5. O-O c6 6. Nc3 d5 7. cxd5 cxd5 8. d4
e6 9. Bf4 Nc6 10. Ne5 Bd7 11. Rc1 Qb6 12. Nxc6 Bxc6 13. Bd6 Rfc8 14. Ba3 Nd7
15. e3 Qa5 16. Qe1 Qd8 17. Qd2 Nf6 18. Rc2 Rc7 19. Rfc1 Rac8 20. Bc5 b6 21. Ba3
a6 22. Bf1 Bb7 23. Bd3 b5 24. Bc5 Nd7 25. Bxb5 Nxc5 26. dxc5 Bxc3 27. Rxc3 axb5
28. b4 Bc6 29. h4 d4 30. exd4 Qd5 31. f3 Rd8 32. Rd1 Rcd7 33. Rd3 e5 34. h5 e4
35. Re3 Qxd4 36. Qxd4 Rxd4 37. Rxd4 Rxd4 38. h6 Rxb4 39. fxe4 Rxe4 40. Rd3 Re8
41. Rd6 Rc8 42. g4 Kf8 43. Kf2 Ke7 44. Ke3 Bd7 0-1

[Event "XXI Festival A"]
[Site "Robecchetto con Induno ITA"]
[Date "2010.12.29"]
[Round "5"]
[White "Berni, Fabrizio"]
[Black "Cornaggia, Ranieri"]
[Result "1/2-1/2"]
[WhiteElo "2170"]
[BlackElo "2055"]
[PlyCount "96"]
[EventDate "2010.12.27"]

1. e4 e5 2. Nf3 Nc6 3. Bb5 a6 4. Ba4 Nge7 5. O-O d6 6. h3 Bd7 7. c3 Ng6 8. d4
Be7 9. d5 Nb8 10. Bxd7+ Nxd7 11. Kh2 h6 12. c4 Bg5 13. Nc3 Bf4+ 14. g3 Bxc1 15.
Rxc1 O-O 16. Qd3 Ne7 17. Nh4 g6 18. g4 Nxd5 19. Nxd5 Qxh4 20. Nxc7 Rac8 21. Nd5
Nc5 22. Qe3 Kg7 23. f3 Rh8 24. b3 Ne6 25. Qe1 Qd8 26. h4 f6 27. h5 Nd4 28. Qf2
Rf8 29. Rg1 Qe8 30. Ne3 Kh8 31. Rg3 gxh5 32. Rh3 Rg8 33. Rxh5 Rg5 34. Rh4 Qg6
35. Rh1 Kg7 36. Kg2 Rh8 37. Kf1 b5 38. cxb5 axb5 39. Nf5+ Nxf5 40. exf5 Qf7 41.
Qb6 Qd5 42. Qa7+ Kg8 43. Qb8+ Kf7 44. Qxh8 Qxf3+ 45. Ke1 Qe3+ 46. Kd1 Qd3+ 47.
Kc1 Qc3+ 48. Kb1 Qd3+ 1/2-1/2

[Event "XXI Festival A"]
[Site "Robecchetto con Induno ITA"]
[Date "2010.12.29"]
[Round "5"]
[White "Cardani, Roberto"]
[Black "Guidi, Maurizio"]
[Result "0-1"]
[WhiteElo "1933"]
[BlackElo "2068"]
[PlyCount "60"]
[EventDate "2010.12.27"]

1. e4 g6 2. d4 Bg7 3. Nc3 d6 4. Be3 Nd7 5. Qd2 e6 6. O-O-O h6 7. f4 Ne7 8. Nf3
b6 9. g3 Bb7 10. Bg2 a6 11. g4 Nf6 12. g5 Nxe4 13. Nxe4 Bxe4 14. gxh6 Bxh6 15.
Ng5 Bxg2 16. Qxg2 d5 17. h4 Qd6 18. Kb1 Bxg5 19. hxg5 O-O-O 20. Bc1 Nf5 21. c3
Ng7 22. Qe2 Kb7 23. Qe5 Nh5 24. Rh4 Rh7 25. Rdh1 Rdh8 26. Qe1 Qf8 27. a3 Qg8
28. Qe5 Ng7 29. Rh6 Rxh6 30. gxh6 Nf5 0-1

[Event "XXI Festival A"]
[Site "Robecchetto con Induno ITA"]
[Date "2010.12.29"]
[Round "5"]
[White "Cereda, Loris"]
[Black "Burlando, Alessandro"]
[Result "1-0"]
[WhiteElo "2091"]
[BlackElo "2132"]
[PlyCount "48"]
[EventDate "2010.12.27"]

1. e4 e6 2. Nf3 d5 3. exd5 exd5 4. d4 Nf6 5. c4 Be7 6. Nc3 O-O 7. Be2 dxc4 8.
Bxc4 Nbd7 9. O-O Nb6 10. Bb3 c6 11. h3 Nbd5 12. Re1 Re8 13. Bd2 h6 14. Nxd5
Nxd5 15. Qc2 Be6 16. Rxe6 fxe6 17. Bxh6 Bh4 18. Re1 Qe7 19. Bd2 Bf6 20. Qe4
Rad8 21. Bc2 g5 22. Qg6+ Qg7 23. Nxg5 Bxd4 24. Rxe6 Rxe6 1-0

[Event "XXI Festival A"]
[Site "Robecchetto con Induno ITA"]
[Date "2010.12.29"]
[Round "5"]
[White "Formento, Paolo"]
[Black "Rambaldi, Francesco"]
[Result "1/2-1/2"]
[WhiteElo "1976"]
[BlackElo "2084"]
[PlyCount "274"]
[EventDate "2010.12.27"]

1. e4 c5 2. Nf3 d6 3. Bb5+ Nd7 4. O-O Ngf6 5. Qe2 e6 6. c3 Be7 7. d4 cxd4 8.
cxd4 O-O 9. Nc3 a6 10. Bd3 e5 11. a4 b6 12. h3 Bb7 13. Be3 Re8 14. dxe5 dxe5
15. Rfd1 Qb8 16. Bc4 h6 17. Nh4 Rc8 18. Nf5 Bf8 19. Nd5 Nxd5 20. exd5 Nf6 21.
Bxb6 Nxd5 22. Bxd5 Bxd5 23. Rxd5 Qxb6 24. Rxe5 Rab8 25. Rb1 Qb3 26. Qxa6 Rc2
27. Nd4 Qa2 28. Rf1 Rcxb2 29. Rb5 R8xb5 30. axb5 Qxa6 31. bxa6 Ra2 32. Rc1 Rxa6
33. Rc6 Ra4 34. Nf3 Ra7 35. Kh2 g6 36. Nd2 Re7 37. f4 Kg7 38. Kg3 Ra7 39. Nf3
Ra4 40. Ne5 Ra3+ 41. Kf2 Ra7 42. g4 Be7 43. Nf3 Bf6 44. Rc2 Ra1 45. Re2 Ra4 46.
Kg3 Ra3 47. Kg2 Ra4 48. Kg3 Bd8 49. Rd2 Ba5 50. Rd7 Ra3 51. Kg2 Ra2+ 52. Kg3
Bc3 53. Rc7 Rc2 54. Rb7 Ba5 55. Ne5 Bc7 56. Kf3 g5 57. Rb4 Rc3+ 58. Ke4 gxf4
59. Nd3 Kg6 60. Nxf4+ Bxf4 61. Kxf4 Rxh3 62. Rb6+ Kg7 63. Ra6 Rh4 64. Kg3 Rh1
65. Kf4 Rb1 66. Rc6 Ra1 67. Rb6 Ra5 68. Rc6 Rg5 69. Rb6 Ra5 70. Rc6 Rd5 71. Ra6
Rd1 72. Rc6 Rf1+ 73. Kg3 f6 74. Rc7+ Kg6 75. Rc5 Ra1 76. Rb5 Ra4 77. Rc5 Re4
78. Ra5 Re5 79. Ra3 Kg5 80. Rb3 Ra5 81. Rc3 Rb5 82. Ra3 Rd5 83. Rb3 Ra5 84. Rc3
h5 85. gxh5 Kxh5 86. Kf4 Kg6 87. Rg3+ Kf7 88. Re3 Ra1 89. Rb3 Rg1 90. Rb7+ Kg6
91. Rb8 Rf1+ 92. Kg3 Ra1 93. Rb4 Kg5 94. Rb3 f5 95. Rc3 Rg1+ 96. Kf2 Rh1 97.
Rg3+ Kf6 98. Kg2 Ra1 99. Rb3 Kg5 100. Kf3 Rh1 101. Kg2 Rh8 102. Ra3 f4 103. Ra7
Re8 104. Rg7+ Kf6 105. Ra7 Kf5 106. Rf7+ Ke4 107. Kf2 Re5 108. Rf8 Ra5 109.
Re8+ Kf5 110. Rf8+ Kg4 111. Rg8+ Rg5 112. Rxg5+ Kxg5 113. Kf3 Kf5 114. Kf2 Ke4
115. Ke2 Ke5 116. Kf2 Kf5 117. Kf3 Kg5 118. Kf2 Kf5 119. Kf3 Kg5 120. Kf2 Kg4
121. Kg2 f3+ 122. Kf2 Kf4 123. Kf1 Ke4 124. Kf2 Kf4 125. Kf1 Kf5 126. Kf2 Kg4
127. Kf1 Kg3 128. Kg1 Kh3 129. Kf2 Kg4 130. Kf1 Kf5 131. Kf2 Kf4 132. Kf1 Ke3
133. Ke1 Kd3 134. Kf2 Ke4 135. Kf1 Ke3 136. Ke1 f2+ 137. Kf1 Kf3 1/2-1/2

[Event "XXI Festival A"]
[Site "Robecchetto con Induno ITA"]
[Date "2010.12.29"]
[Round "5"]
[White "Giretti Kanev, Jasen"]
[Black "Bemporad, Filippo"]
[Result "1-0"]
[WhiteElo "2185"]
[BlackElo "2068"]
[PlyCount "87"]
[EventDate "2010.12.27"]

1. e4 c5 2. Nf3 d6 3. d4 cxd4 4. Nxd4 Nf6 5. Nc3 e6 6. Be3 a6 7. a4 Be7 8. Be2
Qc7 9. a5 Nbd7 10. f4 O-O 11. O-O b6 12. Bf3 Bb7 13. g4 Nc5 14. axb6 Qxb6 15.
Nb3 Qb4 16. Qe1 Rfe8 17. e5 Nfd7 18. Nxc5 Nxc5 19. Nd5 Qxe1 20. Nxe7+ Rxe7 21.
Raxe1 Bxf3 22. exd6 Rd7 23. Rxf3 Nb7 24. Rd1 Rad8 25. Bb6 Rxd6 26. Rxd6 Rxd6
27. Rb3 f6 28. c4 Rc6 29. Be3 Rc7 30. Rb6 a5 31. b3 Kf7 32. Rb5 Nd6 33. Rxa5
Nxc4 34. bxc4 Rxc4 35. h3 Rc7 36. Ra7 Rxa7 37. Bxa7 Kg6 38. Kg2 h5 39. Kf3 e5
40. fxe5 fxe5 41. Bb8 Kf6 42. gxh5 Kf5 43. Kg3 e4 44. Bf4 1-0

[Event "XXI Festival A"]
[Site "Robecchetto con Induno ITA"]
[Date "2010.12.29"]
[Round "5"]
[White "Gonella, Daniele"]
[Black "Siclari, Giovanni"]
[Result "1-0"]
[WhiteElo "2003"]
[BlackElo "1926"]
[PlyCount "97"]
[EventDate "2010.12.27"]

1. Nf3 f5 2. Nc3 Nf6 3. d4 g6 4. e3 Bg7 5. Bc4 d5 6. Bb3 e6 7. O-O O-O 8. Ne5
Nbd7 9. f4 Nxe5 10. dxe5 Nd7 11. Ne2 Nc5 12. c4 Nxb3 13. Qxb3 dxc4 14. Qxc4 b6
15. Nc3 Bb7 16. Qxe6+ Kh8 17. Rd1 Qe8 18. Qxe8 Rfxe8 19. b3 Rad8 20. Bb2 a6 21.
Rxd8 Rxd8 22. Rd1 Rxd1+ 23. Nxd1 Kg8 24. h3 Be4 25. Kf2 Kf7 26. g4 Bf8 27. Nc3
Bc6 28. a3 a5 29. gxf5 gxf5 30. Ne2 Bc5 31. Nc3 Ke6 32. Bc1 b5 33. Nb1 b4 34.
a4 Be4 35. Nd2 Bc2 36. Bb2 Kd5 37. Bd4 Be7 38. Ke2 c5 39. Bb2 Bd8 40. Ba1 Bh4
41. e4+ Bxe4 42. Nc4 Bc2 43. Ne3+ Ke4 44. Nxc2 Kxf4 45. Ne3 Ke4 46. Nc4 Bd8 47.
Nd6+ Kf4 48. e6 Kg5 49. Nf7+ 1-0

[Event "XXI Festival A"]
[Site "Robecchetto con Induno ITA"]
[Date "2010.12.29"]
[Round "5"]
[White "Okhotnik, Vladimir"]
[Black "Aranovitch, Emiliano"]
[Result "1-0"]
[WhiteElo "2428"]
[BlackElo "2335"]
[PlyCount "30"]
[EventDate "2010.12.27"]

1. e4 c5 2. Nf3 d6 3. Bb5+ Bd7 4. c4 Nc6 5. O-O Nf6 6. Nc3 g6 7. d4 cxd4 8.
Nxd4 Nxd4 9. Qxd4 Bg7 10. h3 O-O 11. Qd3 a6 12. Bxd7 Nxd7 13. Bd2 Ne5 14. Qe2
Qc7 15. b3 Rfe8 1-0

[Event "XXI Festival A"]
[Site "Robecchetto con Induno ITA"]
[Date "2010.12.29"]
[Round "5"]
[White "Ranfagni, Stefano"]
[Black "Attuati, Stefano"]
[Result "1-0"]
[WhiteElo "2003"]
[BlackElo "1987"]
[PlyCount "93"]
[EventDate "2010.12.27"]

1. e4 e6 2. d4 d5 3. Nd2 Be7 4. e5 c5 5. Qg4 Kf8 6. Ndf3 Nc6 7. dxc5 h5 8. Qg3
Nh6 9. Bxh6 Rxh6 10. Bd3 Nb4 11. Ne2 Nxd3+ 12. cxd3 Qa5+ 13. Nc3 Qb4 14. O-O h4
15. Qh3 Bxc5 16. Rab1 Bb6 17. Rfc1 Qc5 18. d4 Qc6 19. b4 Qe8 20. Qg4 Bd7 21. h3
Rc8 22. Nxh4 Rc4 23. Ne2 Qe7 24. Nf3 Rxb4 25. Rxb4 Qxb4 26. Qf4 Qe7 27. h4 Bd8
28. g4 Rh8 29. Kg2 g6 30. Rh1 Bb5 31. Ng3 Bc4 32. a4 Qa3 33. h5 gxh5 34. Rxh5
Rxh5 35. gxh5 Qe7 36. h6 f5 37. Nh5 Qh7 38. Ng7 Qg6+ 39. Kh2 Be2 40. Nh4 Bxh4
41. Qxh4 Kg8 42. Nxe6 Qh5 43. Qxh5 Bxh5 44. Nc7 a5 45. Nxd5 Bf3 46. Nf6+ Kf8
47. d5 1-0

[Event "XXI Festival A"]
[Site "Robecchetto con Induno ITA"]
[Date "2010.12.29"]
[Round "5"]
[White "Raselli, Claudio"]
[Black "Bianchi, Alberto"]
[Result "1/2-1/2"]
[WhiteElo "1954"]
[BlackElo "2049"]
[PlyCount "111"]
[EventDate "2010.12.27"]

1. d4 d5 2. c4 c6 3. Nf3 Nf6 4. Qc2 Bg4 5. Ne5 e6 6. Bg5 Qa5+ 7. Bd2 Bb4 8.
Nxg4 Bxd2+ 9. Qxd2 Qxd2+ 10. Nxd2 Nxg4 11. e3 O-O 12. cxd5 exd5 13. Bd3 Re8 14.
O-O Nd7 15. h3 Ngf6 16. Rfc1 a5 17. a4 g6 18. Nb3 Kf8 19. Nc5 Nxc5 20. Rxc5 Nd7
21. Rc3 Ke7 22. Rb1 Kd6 23. b4 axb4 24. Rxb4 b6 25. Ra3 f5 26. Be2 Ra5 27. g4
c5 28. dxc5+ bxc5 29. Rb5 Rea8 30. Rxa5 Rxa5 31. gxf5 gxf5 32. Bd3 Ke6 33. Bb5
Ne5 34. f4 Nf7 35. Kf2 Nd6 36. Bd3 c4 37. Bc2 Nb5 38. Ra1 d4 39. exd4 Nxd4 40.
Bd1 Kd5 41. Ke3 Kc5 42. Rb1 Ra7 43. Rb8 Re7+ 44. Kd2 Ne6 45. Kc3 Nc7 46. Rc8
Re3+ 47. Kd2 Rd3+ 48. Kc2 Kb6 49. Be2 Rd4 50. Kc3 Rxf4 51. Bxc4 Rf3+ 52. Kb4
Rxh3 53. a5+ Kb7 54. Rf8 Na6+ 55. Bxa6+ Kxa6 56. Rf6+ 1/2-1/2

[Event "XXI Festival A"]
[Site "Robecchetto con Induno ITA"]
[Date "2010.12.29"]
[Round "5"]
[White "Sola, Giuseppe"]
[Black "Mazzariol, Oscar"]
[Result "1-0"]
[WhiteElo "2019"]
[BlackElo "2089"]
[PlyCount "69"]
[EventDate "2010.12.27"]

1. e4 Nc6 2. Nf3 d6 3. d4 Nf6 4. Nc3 Bg4 5. Bb5 e6 6. Be2 e5 7. d5 Nb8 8. Be3
Be7 9. h3 Bxf3 10. Bxf3 O-O 11. Ne2 Nfd7 12. g4 Bg5 13. Qd2 Bxe3 14. Qxe3 Nc5
15. Ng3 a5 16. Be2 Nbd7 17. Nf5 Re8 18. g5 Nb6 19. h4 Nc8 20. h5 Ne7 21. O-O-O
Nxf5 22. exf5 e4 23. Rdg1 Re5 24. f6 Kh8 25. fxg7+ Kxg7 26. g6 Qf6 27. h6+ Kh8
28. gxh7 Kxh7 29. Rg7+ Kh8 30. Qg3 Ree8 31. Rg1 Qxh6+ 32. Kb1 e3 33. f3 f5 34.
Rg6 Qh7 35. Qg5 1-0

[Event "XXI Festival A"]
[Site "Robecchetto con Induno ITA"]
[Date "2010.12.29"]
[Round "5"]
[White "Ubezio, Marco"]
[Black "Angelini, Marco"]
[Result "0-1"]
[WhiteElo "2139"]
[BlackElo "2189"]
[PlyCount "132"]
[EventDate "2010.12.27"]

1. e4 c5 2. Nf3 d6 3. Bb5+ Bd7 4. Bxd7+ Qxd7 5. O-O Nc6 6. c3 g6 7. d4 Bg7 8.
dxc5 dxc5 9. Qxd7+ Kxd7 10. Rd1+ Kc7 11. Bf4+ e5 12. Be3 b6 13. Na3 a6 14. Nc4
f6 15. a4 Bh6 16. a5 Nxa5 17. Nxa5 Bxe3 18. fxe3 bxa5 19. Rd5 Ne7 20. Rxc5+ Nc6
21. Nd2 Rhd8 22. Nc4 Kb7 23. Ra3 Na7 24. Nxa5+ Kb6 25. Rd5 Nb5 26. Nc4+ Kb7 27.
Ra1 Nc7 28. Rc5 Rac8 29. Na5+ Ka7 30. b4 Rd7 31. c4 Re8 32. Rc6 Re6 33. Kf2
Rxc6 34. Nxc6+ Kb6 35. Na5 Rd2+ 36. Kf3 Ne6 37. h4 Rb2 38. Ra4 h5 39. g3 g5 40.
g4 gxh4 41. gxh5 Ng5+ 42. Kg4 h3 43. c5+ Kb5 44. Ra1 h2 45. c6 Rg2+ 46. Kf5 Rg1
47. c7 h1=Q 48. Rxg1 Qxe4+ 49. Kxf6 Qc2 50. Rxg5 Qxc7 51. Rxe5+ Kxb4 52. h6
Qd6+ 53. Re6 Qf8+ 54. Kg6 Qg8+ 55. Kf6 Kxa5 56. Re7 Qf8+ 57. Ke6 Qxh6+ 58. Kd7
Kb4 59. e4 a5 60. e5 a4 61. e6 a3 62. Re8 Qd2+ 63. Kc7 Qc3+ 64. Kd7 Qd4+ 65.
Kc7 Qe5+ 66. Kd7 a2 0-1

[Event "XXI Festival A"]
[Site "Robecchetto con Induno ITA"]
[Date "2010.12.30"]
[Round "6"]
[White "Angelini, Marco"]
[Black "Cereda, Loris"]
[Result "1/2-1/2"]
[WhiteElo "2189"]
[BlackElo "2091"]
[PlyCount "61"]
[EventDate "2010.12.27"]

1. e4 e5 2. Nf3 Nc6 3. d4 exd4 4. Nxd4 Nf6 5. Nxc6 bxc6 6. e5 Qe7 7. Qe2 Nd5 8.
c4 Nb6 9. b3 a5 10. Bb2 a4 11. Qc2 Qg5 12. Nd2 Bb4 13. g3 a3 14. Bc3 O-O 15. f4
Qe7 16. O-O-O d5 17. Bd3 Bg4 18. Rde1 dxc4 19. Bxb4 Qxb4 20. Nxc4 h6 21. Ne3
Be6 22. f5 Bd5 23. Rhf1 Rfd8 24. Nxd5 Rxd5 25. Re4 Rd4 26. e6 Rxe4 27. exf7+
Kxf7 28. Bxe4 Re8 29. Bd3 Re1+ 30. Rxe1 Qxe1+ 31. Qd1 1/2-1/2

[Event "XXI Festival A"]
[Site "Robecchetto con Induno ITA"]
[Date "2010.12.30"]
[Round "6"]
[White "Aranovitch, Emiliano"]
[Black "Sola, Giuseppe"]
[Result "1-0"]
[WhiteElo "2335"]
[BlackElo "2019"]
[PlyCount "77"]
[EventDate "2010.12.27"]

1. Nf3 d5 2. g3 Nf6 3. Bg2 g6 4. O-O Bg7 5. d4 O-O 6. c4 c6 7. cxd5 cxd5 8. Ne5
e6 9. Nc3 Nbd7 10. f4 a6 11. Kh1 b5 12. Qb3 Qb6 13. Be3 Bb7 14. a4 Nxe5 15.
fxe5 Nd7 16. Bg1 bxa4 17. Qa3 Bc6 18. e4 Qb7 19. exd5 Bxd5 20. Nxd5 exd5 21.
Qxa4 Nb6 22. Qa5 Rfc8 23. Rfc1 Rxc1 24. Rxc1 Bh6 25. Rc5 Rd8 26. Bf2 Bf8 27.
Rc3 Rb8 28. Rb3 Qc6 29. Qc3 Qa4 30. Qf3 Qa1+ 31. Bg1 Bh6 32. Qf6 Qd1 33. Rxb6
Rxb6 34. Qxb6 Be3 35. Qd8+ Kg7 36. Qf6+ Kg8 37. Qf1 Qxd4 38. Bxe3 Qxe5 39. Qf2
1-0

[Event "XXI Festival A"]
[Site "Robecchetto con Induno ITA"]
[Date "2010.12.30"]
[Round "6"]
[White "Bemporad, Filippo"]
[Black "Berni, Fabrizio"]
[Result "1/2-1/2"]
[WhiteElo "2068"]
[BlackElo "2170"]
[PlyCount "94"]
[EventDate "2010.12.27"]

1. d4 Nf6 2. Nf3 e6 3. g3 d5 4. Bg2 Be7 5. O-O O-O 6. c4 c6 7. Nc3 Nbd7 8. Nd2
e5 9. cxd5 cxd5 10. Nxd5 Nxd5 11. Bxd5 exd4 12. Bg2 Nc5 13. Ne4 Ne6 14. Qb3 Kh8
15. Rd1 Qa5 16. Bd2 Qa6 17. Bb4 Bxb4 18. Qxb4 Qxe2 19. Ng5 Kg8 20. Nxe6 Bxe6
21. Qxd4 Qa6 22. b3 Rac8 23. Rd2 b6 24. Rad1 Qb5 25. Qh4 Qe5 26. Bb7 Rb8 27.
Bd5 h6 28. Bxe6 Qxe6 29. Qa4 Rb7 30. Rd6 Qe2 31. R6d2 Qe6 32. Qd4 Re7 33. Qf4
Rfe8 34. Rd6 Qc8 35. a4 Qb7 36. Rd8 Re1+ 37. Rxe1 Rxd8 38. Qe4 Qxe4 39. Rxe4
Kf8 40. Kg2 Rd3 41. Rc4 Rxb3 42. Rc8+ Ke7 43. Rc7+ Ke6 44. Rxa7 Rd3 45. Ra6 Rd6
46. Kf3 Kd5 47. Ke3 Kc5 1/2-1/2

[Event "XXI Festival A"]
[Site "Robecchetto con Induno ITA"]
[Date "2010.12.30"]
[Round "6"]
[White "Bianchi, Alberto"]
[Black "Attuati, Stefano"]
[Result "0-1"]
[WhiteElo "2049"]
[BlackElo "1987"]
[PlyCount "81"]
[EventDate "2010.12.27"]

1. e4 e6 2. Qe2 c5 3. d3 Nc6 4. c3 g6 5. Be3 d6 6. g3 Bg7 7. Bg2 Nge7 8. Nf3 e5
9. O-O O-O 10. Ne1 f5 11. f3 b6 12. Nc2 d5 13. Nd2 Ba6 14. Rad1 dxe4 15. Nc4
exd3 16. Rxd3 Bxc4 17. Rxd8 Bxe2 18. Rxa8 Rxa8 19. Re1 Bd3 20. Na3 Ba6 21. Bc1
Rd8 22. Nc2 Nd5 23. h3 Kf7 24. Kf2 f4 25. g4 Bf6 26. Rd1 Bh4+ 27. Kg1 Nxc3 28.
Rxd8 Ne2+ 29. Kh1 Nxd8 30. Bd2 Bb7 31. b3 Ne6 32. Be1 Bxe1 33. Nxe1 N6d4 34. g5
Nc1 35. Kg1 Nxa2 36. Nd3 Ke6 37. Kf2 Nxb3 38. h4 Nd4 39. Bh3+ Kd6 40. Bg4 Nb4
41. h5 0-1